[Event "Frankfurter Stadtmeisterschaft 2005"]
[Site "Ffm-Kalbach, LAZ"]
[Date "2005.04.25"]
[Round "1"]
[White "Jordake, Michael"]
[Black "Cors, Heinz-Friedrich"]
[Result "0-1"]
[WhiteElo "1593"]
[BlackElo "1970"]
[PlyCount "60"]
[EventDate "2005.??.??"]

1. e4 e5 2. Nf3 Nc6 3. Bb5 a6 4. Ba4 Nf6 5. O-O Be7 6. Re1 b5 7. Bb3 O-O 8. c3
d5 9. exd5 Nxd5 10. Nxe5 Nxe5 11. Rxe5 c6 12. g3 Bd6 13. Re1 Bf5 14. d3 Qd7 15.
Bxd5 cxd5 16. d4 Bg4 17. f3 Bh5 18. Re3 f5 19. Rd3 Rae8 20. Qf1 Re6 21. Be3 f4
22. Bf2 fxg3 23. Bxg3 Bxg3 24. hxg3 Qe8 25. Nd2 Bg6 26. Nb3 Bxd3 27. Qxd3 Re3
28. Qc2 Rfxf3 29. g4 Rg3+ 30. Kf2 Ref3# 0-1

[Event "Frankfurter Stadtmeisterschaft 2005"]
[Site "Ffm-Kalbach, LAZ"]
[Date "2005.04.25"]
[Round "1"]
[White "Wolf, Udo"]
[Black "Radtke, Thoralf"]
[Result "1-0"]
[WhiteElo "1963"]
[BlackElo "1584"]
[PlyCount "71"]
[EventDate "2005.??.??"]

1. e4 e6 2. d4 d5 3. Nc3 Bb4 4. e5 Ne7 5. Qg4 c5 6. a3 Bxc3+ 7. bxc3 Ng6 8. h4
h5 9. Qg3 Nc6 10. Bd3 Nce7 11. Bg5 Qa5 12. Bd2 c4 13. Be2 Bd7 14. Qg5 O-O-O 15.
Bxh5 f6 16. Qg4 f5 17. Qg5 Be8 18. Ne2 Qc7 19. Rh3 Rh6 20. Kf1 Rxh5 21. Qxh5
Nf4 22. Qf3 Nxh3 23. Qxh3 Bf7 24. Qg3 Rg8 25. Qg5 Qd8 26. Nf4 Ng6 27. Nxe6 Qxg5
28. Nxg5 Be8 29. g3 Nf8 30. Ke2 Ba4 31. Rb1 b6 32. Rb2 Kc7 33. Nf3 Ne6 34. Ne1
Rh8 35. Ng2 Be8 36. Ne3 1-0

[Event "Frankfurter Stadtmeisterschaft 2005"]
[Site "Ffm-Kalbach, LAZ"]
[Date "2005.04.25"]
[Round "1"]
[White "Gottlieb, Herbert"]
[Black "Richter, Thomas"]
[Result "1-0"]
[WhiteElo "1579"]
[BlackElo "1953"]
[PlyCount "81"]
[EventDate "2005.??.??"]

1. d4 d5 2. Nf3 Nf6 3. e3 Bg4 4. c4 dxc4 5. Bxc4 e6 6. h3 Bh5 7. Nbd2 Nbd7 8.
a3 c5 9. dxc5 Bxc5 10. O-O O-O 11. b4 Be7 12. Bb2 Nb6 13. Be2 Rc8 14. Rc1 Qd5
15. g4 Bg6 16. Ne5 Qa2 17. Nxg6 hxg6 18. Qb3 Qxb3 19. Nxb3 Nbd5 20. Kg2 Rfd8
21. Rxc8 Rxc8 22. Rc1 Rxc1 23. Nxc1 b6 24. Bc4 Kf8 25. g5 Ne4 26. Bxd5 exd5 27.
h4 f6 28. f4 Nd6 29. Ne2 Nf5 30. Kf2 Nxh4 31. gxf6 gxf6 32. Nc3 d4 33. exd4 Bd6
34. Ne4 Be7 35. d5 Kf7 36. d6 Bd8 37. d7 f5 38. Bf6 fxe4 39. Bxd8 e3+ 40. Ke2
Nf5 41. Bxb6 1-0

[Event "Frankfurter Stadtmeisterschaft 2005"]
[Site "Ffm-Kalbach, LAZ"]
[Date "2005.04.25"]
[Round "1"]
[White "Brücken, Siegfried"]
[Black "Syed, Tareq"]
[Result "1/2-1/2"]
[WhiteElo "1576"]
[BlackElo "1944"]
[PlyCount "73"]
[EventDate "2005.??.??"]

1. e4 d6 2. Nc3 Nf6 3. Nf3 c6 4. d4 Bg4 5. h3 Bxf3 6. Qxf3 Nbd7 7. Bc4 Qb6 8.
d5 Qb4 9. Bb3 c5 10. Bd2 a6 11. a4 c4 12. Ba2 Rc8 13. Rb1 b5 14. b3 Qc5 15.
bxc4 bxc4 16. O-O g6 17. Be3 Qa5 18. Bd4 Bg7 19. Rb7 Nc5 20. Rfb1 Nxa4 21. e5
dxe5 22. Bxe5 Nxc3 23. Bxc3 Qxa2 24. Rxe7+ Kxe7 25. Bxf6+ Bxf6 26. Re1+ Kf8 27.
Qxf6 Kg8 28. d6 Qa5 29. Re5 Qd8 30. Re7 Qf8 31. d7 Rd8 32. Rxf7 Qxf7 33. Qxd8+
Kg7 34. Qxh8+ Kxh8 35. d8=Q+ Kg7 36. Qd4+ Kg8 37. Qd8+ 1/2-1/2

[Event "Frankfurter Stadtmeisterschaft 2005"]
[Site "Ffm-Kalbach, LAZ"]
[Date "2005.04.25"]
[Round "1"]
[White "Willems, Matthias"]
[Black "Schutzmann, Henry"]
[Result "1-0"]
[WhiteElo "1936"]
[BlackElo "1574"]
[PlyCount "103"]
[EventDate "2005.??.??"]

1. d4 d5 2. Nf3 Nf6 3. e3 c6 4. c4 e6 5. Nbd2 Nbd7 6. b3 Be7 7. Bb2 O-O 8. Bd3
Re8 9. O-O Nf8 10. Ne5 Qc7 11. f4 b6 12. Ndf3 Ne4 13. cxd5 exd5 14. Rc1 Bb7 15.
Bb5 Rec8 16. Nxc6 Qd6 17. Nxe7+ Qxe7 18. Bd3 Rxc1 19. Qxc1 Rc8 20. Qb1 Nc3 21.
Qe1 Nxa2 22. Qd2 Qb4 23. Qxb4 Nxb4 24. Bf5 Re8 25. Kf2 g6 26. Bb1 Rc8 27. Rc1
Rxc1 28. Bxc1 Ba6 29. Ba3 Nd3+ 30. Kg3 Nd7 31. Bd6 Nf6 32. Nd2 Nh5+ 33. Kf3 Nc1
34. Bb8 Be2+ 35. Kf2 a6 36. Bc7 b5 37. f5 Nf6 38. h3 Ne8 39. Bb6 Kg7 40. fxg6
hxg6 41. e4 Bd1 42. b4 Nb3 43. Nxb3 Bxb3 44. e5 Kh6 45. Kf3 Ng7 46. g4 Ne6 47.
h4 g5 48. h5 Bd1+ 49. Kg3 Nf4 50. Bc5 Ne2+ 51. Kf2 Nc3 52. Bf8# 1-0

[Event "Frankfurter Stadtmeisterschaft 2005"]
[Site "Ffm-Kalbach, LAZ"]
[Date "2005.04.25"]
[Round "1"]
[White "Orwatsch, Gerhard"]
[Black "Junker, Christian"]
[Result "1-0"]
[WhiteElo "1930"]
[BlackElo "1555"]
[PlyCount "79"]
[EventDate "2005.??.??"]

1. d4 Nf6 2. Nf3 g6 3. Bf4 Bg7 4. e3 d6 5. h3 O-O 6. Bc4 Bf5 7. Nbd2 Nbd7 8. g4
Be6 9. Bxe6 fxe6 10. Ng5 e5 11. Ne6 Qc8 12. Nxf8 Qxf8 13. dxe5 dxe5 14. Bg3 Nc5
15. Qe2 Qf7 16. Qc4 Nfe4 17. Qxf7+ Kxf7 18. Nxe4 Nxe4 19. Rg1 Ng5 20. O-O-O Ke6
21. h4 Nf3 22. Rh1 a5 23. a4 Ra6 24. Rd8 Rd6 25. Rd1 g5 26. hxg5 Nxg5 27. f4
Ne4 28. Be1 exf4 29. exf4 b6 30. R1xd6+ Nxd6 31. c3 Kf7 32. Rd7 c5 33. Bh4 Bf8
34. Rxd6 exd6 35. Bd8 Ke6 36. c4 Bh6 37. g5 Bf8 38. Bxb6 Kf5 39. Bxa5 Kxf4 40.
Bd2+ 1-0

[Event "Frankfurter Stadtmeisterschaft 2005"]
[Site "Ffm-Kalbach, LAZ"]
[Date "2005.04.25"]
[Round "1"]
[White "Wenzel, Bernd"]
[Black "Mustafa, Wail"]
[Result "0-1"]
[WhiteElo "1554"]
[BlackElo "1924"]
[PlyCount "56"]
[EventDate "2005.??.??"]

1. f4 d5 2. Nf3 Nf6 3. e3 Bg4 4. Be2 e6 5. c3 c5 6. O-O Bxf3 7. Bxf3 Be7 8. d4
O-O 9. Nd2 Nc6 10. a4 a5 11. g3 Qc7 12. Qc2 Rab8 13. Bg2 b5 14. axb5 Rxb5 15.
Nf3 Ne4 16. Ne5 Nd6 17. Qd3 Rfb8 18. Bf3 Nxe5 19. fxe5 Nc4 20. e4 cxd4 21. exd5
Nxe5 22. Qe4 exd5 23. Qf5 g6 24. Qh3 dxc3 25. bxc3 Qxc3 26. Be2 Qxa1 27. Bxb5
Qd4+ 28. Kg2 Qe4+ 0-1

[Event "Frankfurter Stadtmeisterschaft 2005"]
[Site "Ffm-Kalbach, LAZ"]
[Date "2005.04.25"]
[Round "1"]
[White "Matzies, Alexander"]
[Black "Kletzerman, Simon"]
[Result "1-0"]
[WhiteElo "1922"]
[BlackElo "1550"]
[PlyCount "107"]
[EventDate "2005.??.??"]

1. e4 e6 2. d4 d5 3. exd5 exd5 4. c4 dxc4 5. Bxc4 Bb4+ 6. Nc3 Nf6 7. Nf3 O-O 8.
O-O c6 9. Bg5 h6 10. Bh4 Bf5 11. Qb3 Qe7 12. Bxf6 gxf6 13. Rfe1 Qd6 14. Ne4
Bxe4 15. Rxe4 f5 16. Re5 b5 17. Bxf7+ Rxf7 18. Rxf5 Qd7 19. Rxf7 Qxf7 20. Qxb4
Qd5 21. Re1 Nd7 22. Qe7 Rf8 23. Qe6+ Qxe6 24. Rxe6 Rf6 25. Rxf6 Nxf6 26. Ne5
Nd5 27. Nxc6 a6 28. a3 Kf7 29. Kf1 Ke6 30. Ke2 Kd6 31. Nb4 Nc7 32. g4 a5 33.
Nc2 Nd5 34. h4 Nf4+ 35. Kd2 Ng2 36. Ne3 Nxh4 37. Nf5+ Nxf5 38. gxf5 h5 39. Ke3
Ke7 40. d5 h4 41. Kf4 a4 42. Kg4 Kf6 43. d6 h3 44. Kxh3 Kf7 45. Kg4 Kf6 46. Kf4
Kf7 47. Ke5 Kf8 48. Ke6 Ke8 49. f6 b4 50. f7+ Kf8 51. d7 bxa3 52. d8=Q+ Kg7 53.
f8=Q+ Kh7 54. Qd3# 1-0

[Event "Frankfurter Stadtmeisterschaft 2005"]
[Site "Ffm-Kalbach, LAZ"]
[Date "2005.04.25"]
[Round "1"]
[White "Jung, Bernd"]
[Black "Yilmaz, Ahmet"]
[Result "0-1"]
[WhiteElo "1547"]
[BlackElo "1916"]
[PlyCount "28"]
[EventDate "2005.??.??"]

1. e4 e5 2. Nf3 Nc6 3. c3 d5 4. Qa4 Bd7 5. exd5 Nd4 6. Qd1 Nxf3+ 7. Qxf3 Nf6 8.
Bc4 e4 9. Qe3 Bd6 10. d3 O-O 11. O-O Bxh2+ 12. Kh1 Ng4 13. Qxe4 Qh4 14. Qf3
Bg3+ 0-1

[Event "Frankfurter Stadtmeisterschaft 2005"]
[Site "Ffm-Kalbach, LAZ"]
[Date "2005.04.25"]
[Round "1"]
[White "Smit, Josip"]
[Black "Petersen, Gerd"]
[Result "0-1"]
[WhiteElo "1906"]
[BlackElo "1537"]
[PlyCount "68"]
[EventDate "2005.??.??"]

1. e4 e5 2. Bc4 Nf6 3. d3 Be7 4. Nf3 d6 5. c3 Nc6 6. O-O Bg4 7. Nbd2 O-O 8. h3
Bh5 9. Re1 Na5 10. Bb5 c6 11. Ba4 b5 12. Bc2 d5 13. g4 Nxg4 14. hxg4 Bxg4 15.
b4 Nb7 16. exd5 cxd5 17. Qe2 Bd6 18. Qe3 f6 19. Nh2 f5 20. Nxg4 fxg4 21. Bb3
Bc7 22. Nf1 Qf6 23. Bxd5+ Kh8 24. Qe2 Rab8 25. Be3 Qh4 26. Be4 Nd6 27. Bxa7
Nxe4 28. dxe4 Rb6 29. Bxb6 Bxb6 30. Ne3 g3 31. f3 Bxe3+ 32. Qxe3 Qh2+ 33. Kf1
g2+ 34. Ke2 g1=Q+ 0-1

[Event "Frankfurter Stadtmeisterschaft 2005"]
[Site "Ffm-Kalbach, LAZ"]
[Date "2005.04.25"]
[Round "1"]
[White "Kirschner, Matthias"]
[Black "Göbel, Andreas"]
[Result "0-1"]
[WhiteElo "1524"]
[BlackElo "1904"]
[PlyCount "142"]
[EventDate "2005.??.??"]

1. g3 d5 2. Bg2 c6 3. Nf3 Bg4 4. b3 Bxf3 5. Bxf3 e5 6. d3 Nf6 7. Nd2 Nbd7 8.
Bb2 Bd6 9. O-O h5 10. h4 Ng4 11. Bg2 g5 12. Nf3 f6 13. Qd2 Rg8 14. Rad1 Qe7 15.
e4 d4 16. c3 dxc3 17. Bxc3 c5 18. Rfe1 O-O-O 19. a3 Nb6 20. Qc2 Kb8 21. a4 Rc8
22. Qa2 Nd7 23. Rb1 Ka8 24. Re2 Nb8 25. Rc2 Nc6 26. Rbc1 Kb8 27. Qb1 Qg7 28.
Rb2 a5 29. Kf1 b6 30. Ke2 Nd4+ 31. Bxd4 exd4 32. Rh1 Rh8 33. Qc1 Rcg8 34. Qc4
Ne5 35. Qe6 Kc7 36. Qf5 g4 37. Nxe5 fxe5 38. Qe6 Rh6 39. Qc4 Rf6 40. Qa6 Kc6
41. Qb5+ Kb7 42. Rf1 Rgf8 43. Kd1 Qc7 44. Qc4 R8f7 45. Qc1 Rg6 46. Rc2 Bf8 47.
Qb2 Rgf6 48. Kc1 Bh6+ 49. Kb1 Rf8 50. Re1 Qc8 51. Ree2 Ka7 52. Rc4 R8f7 53. Qa2
Qa6 54. Qb2 Rb7 55. Qa2 Bf8 56. Bf1 b5 57. axb5 Rxb5 58. Rec2 Rfb6 59. Rb2 Rb4
60. Be2 Qb5 61. Bd1 a4 62. Rxb4 Qxd3+ 63. Rc2 Qxd1+ 64. Rc1 Qd3+ 65. Ka1 Rxb4
66. bxa4 Qb3 67. Qxb3 Rxb3 68. Rc4 Rb4 69. Rxb4 cxb4 70. Kb2 Ka6 71. Kb3 Ka5
0-1

[Event "Frankfurter Stadtmeisterschaft 2005"]
[Site "Ffm-Kalbach, LAZ"]
[Date "2005.04.25"]
[Round "1"]
[White "Storck, Eike-Werner"]
[Black "Krüger, Manfred"]
[Result "1-0"]
[WhiteElo "1894"]
[BlackElo "1493"]
[PlyCount "85"]
[EventDate "2005.??.??"]

1. c4 Nf6 2. g3 e6 3. Bg2 c6 4. e4 d6 5. Nc3 e5 6. Nge2 Be7 7. O-O Bg4 8. h3
Be6 9. d3 Qd7 10. Kh2 h5 11. f4 exf4 12. Nxf4 h4 13. g4 Qc7 14. Nxe6 fxe6 15.
Bf4 e5 16. Bg5 Nh7 17. Bxe7 Qxe7 18. b4 Nd7 19. Qa4 Nb6 20. Qb3 O-O-O 21. a4
Qg5 22. c5 dxc5 23. bxc5 Na8 24. Rab1 Rd7 25. Rf7 Rxf7 26. Qxf7 Qf4+ 27. Qxf4
exf4 28. e5 Ng5 29. Ne4 Nxe4 30. Bxe4 g5 31. Bf5+ Kc7 32. Kg2 b6 33. d4 Rd8 34.
e6 Re8 35. Kf3 bxc5 36. dxc5 Re7 37. Ke4 Kc8 38. Ke5 Nc7 39. Kd6 Nd5 40. Kxc6
Nf6 41. Kd6 Ng8 42. c6 f3 43. c7 1-0

[Event "Frankfurter Stadtmeisterschaft 2005"]
[Site "Ffm-Kalbach, LAZ"]
[Date "2005.04.25"]
[Round "1"]
[White "Witt, Holger"]
[Black "Simon, Eric"]
[Result "0-1"]
[WhiteElo "1476"]
[BlackElo "1889"]
[PlyCount "70"]
[EventDate "2005.??.??"]

1. e4 d6 2. d4 Nf6 3. Nc3 c6 4. Bd3 e5 5. dxe5 dxe5 6. Bg5 Be7 7. Qd2 O-O 8.
O-O-O Qc7 9. f3 b5 10. Kb1 a5 11. Nge2 Nbd7 12. g4 Nc5 13. Nc1 Rd8 14. Bxf6
Bxf6 15. g5 Be7 16. h4 b4 17. N3e2 a4 18. Qe3 Be6 19. Ng3 b3 20. a3 bxc2+ 21.
Bxc2 Rdb8 22. Nf5 Bf8 23. Rhg1 Nb3 24. Nd3 c5 25. Rg2 Nd4 26. Nh6+ Kh8 27. Ng4
Nxc2 28. Rxc2 Bb3 29. Rdc1 Bxc2+ 30. Rxc2 Rb3 31. Ngxe5 Qxe5 32. Nxe5 Rxe3 33.
Nxf7+ Kg8 34. Ne5 Rb8 35. h5 Rxa3 0-1

[Event "Frankfurter Stadtmeisterschaft 2005"]
[Site "Ffm-Kalbach, LAZ"]
[Date "2005.04.25"]
[Round "1"]
[White "Schreyer, Alois"]
[Black "Makilla, Tobias"]
[Result "1/2-1/2"]
[WhiteElo "1883"]
[BlackElo "1466"]
[PlyCount "96"]
[EventDate "2005.??.??"]

1. e4 e5 2. Nc3 Nf6 3. Nf3 Nc6 4. Bb5 d6 5. d4 exd4 6. Qxd4 Bd7 7. Bxc6 Bxc6 8.
Bg5 Be7 9. O-O-O O-O 10. Rhe1 Re8 11. e5 dxe5 12. Qxe5 Bd6 13. Bxf6 Rxe5 14.
Bxd8 Rxe1 15. Nxe1 Rxd8 16. g3 Re8 17. a3 Bc5 18. Nd3 Bd4 19. Kd2 Rd8 20. Kc1
Bf3 21. Rd2 Bxc3 22. bxc3 f6 23. Ne1 Rxd2 24. Kxd2 Bd5 25. Nd3 Kf7 26. Ke3 g5
27. Kd4 Ke6 28. f4 h6 29. c4 Bf3 30. c3 b6 31. fxg5 hxg5 32. c5 Be2 33. cxb6
axb6 34. Nf2 f5 35. h4 gxh4 36. gxh4 f4 37. Ke4 f3 38. Nh3 Kd6 39. Ke3 Kc5 40.
Nf4 Bd1 41. h5 Kc4 42. h6 Bc2 43. Kxf3 Kxc3 44. Nd5+ Kb3 45. Nxc7 Kxa3 46. Nd5
b5 47. Nc3 b4 48. Ne4 Bxe4+ 1/2-1/2

[Event "Frankfurter Stadtmeisterschaft 2005"]
[Site "Ffm-Kalbach, LAZ"]
[Date "2005.04.25"]
[Round "1"]
[White "Pomeranets, Igor"]
[Black "Hilbenz, Guntram"]
[Result "0-1"]
[WhiteElo "1459"]
[BlackElo "1877"]
[PlyCount "66"]
[EventDate "2005.??.??"]

1. c4 Nf6 2. Nc3 e6 3. Nf3 Bb4 4. a3 Bxc3 5. dxc3 c5 6. g3 b6 7. Bg2 Bb7 8. O-O
O-O 9. b4 d6 10. a4 Qc7 11. b5 Nbd7 12. Bf4 e5 13. Be3 e4 14. Nh4 Ne5 15. Qb3
d5 16. Bf4 dxc4 17. Qb2 Nh5 18. Bxe5 Qxe5 19. f4 exf3 20. Nxf3 Qe3+ 21. Kh1
Rfe8 22. Ra2 Rad8 23. Qc1 Nf6 24. Qxe3 Rxe3 25. Rc2 Be4 26. Ra2 Rxc3 27. Ne5
Bxg2+ 28. Kxg2 h5 29. Nc6 Rd7 30. Ne5 Rc7 31. Nc6 Nd5 32. Rb1 Rb3 33. Rd1 Ne3+
0-1

[Event "Frankfurter Stadtmeisterschaft 2005"]
[Site "Ffm-Kalbach, LAZ"]
[Date "2005.04.25"]
[Round "1"]
[White "Krüger, Till"]
[Black "Reuter, Klaus"]
[Result "1-0"]
[WhiteElo "1877"]
[BlackElo "1443"]
[PlyCount "107"]
[EventDate "2005.??.??"]

1. e4 c5 2. Nf3 d6 3. Bb5+ Bd7 4. Bxd7+ Qxd7 5. O-O e5 6. c3 Nf6 7. Re1 Nc6 8.
d4 cxd4 9. cxd4 Qc7 10. Nc3 a6 11. Qa4 Qa5 12. Qxa5 Nxa5 13. dxe5 dxe5 14. Nxe5
Bd6 15. Nf3 Bc5 16. e5 Ng4 17. Ne4 Bb4 18. Re2 O-O-O 19. Bg5 Rd3 20. h3 Nh6 21.
Rc1+ Kb8 22. Rec2 Nc6 23. Nc5 Bxc5 24. Rxc5 Nf5 25. Kf1 h6 26. Bf4 g5 27. Bh2
Ka7 28. Ne1 Rd2 29. R5c2 Rhd8 30. g4 Nfe7 31. f4 Rxc2 32. Rxc2 Nd5 33. Ng2 Ndb4
34. Re2 Nxa2 35. Bg1+ b6 36. Be3 Rd1+ 37. Kf2 Nab4 38. Rd2 Rxd2+ 39. Bxd2 Nd3+
40. Ke2 Nxb2 41. fxg5 hxg5 42. Bxg5 a5 43. Bf6 a4 44. e6 fxe6 45. Bxb2 b5 46.
Kd3 Kb6 47. Ne3 Ne7 48. h4 Ng6 49. h5 Nf4+ 50. Ke4 Ne2 51. h6 b4 52. h7 a3 53.
h8=Q Nc3+ 54. Bxc3 1-0

[Event "Frankfurter Stadtmeisterschaft 2005"]
[Site "Ffm-Kalbach, LAZ"]
[Date "2005.04.25"]
[Round "1"]
[White "Grunenberg, Sven"]
[Black "Fischer, Arthur"]
[Result "0-1"]
[WhiteElo "1428"]
[BlackElo "1875"]
[PlyCount "42"]
[EventDate "2005.??.??"]

1. c4 c5 2. Nc3 Nf6 3. g3 d5 4. cxd5 Nxd5 5. Bg2 Nc7 6. Nf3 Nc6 7. d3 e5 8. Ng5
Be7 9. Bxc6+ bxc6 10. Nf3 f6 11. b3 O-O 12. Qc2 Ne6 13. e3 Ba6 14. Ba3 Bxd3 15.
Qd2 e4 16. O-O-O Qa5 17. Qb2 f5 18. Na4 Bf6 19. Qd2 Qa6 20. Bxc5 Nxc5 21. Nxc5
Qa3+ 0-1

[Event "Frankfurter Stadtmeisterschaft 2005"]
[Site "Ffm-Kalbach, LAZ"]
[Date "2005.04.25"]
[Round "1"]
[White "Lehner, Thorsten"]
[Black "Adair, Monte"]
[Result "1-0"]
[WhiteElo "1874"]
[BlackElo "1424"]
[PlyCount "57"]
[EventDate "2005.??.??"]

1. e4 e5 2. Nf3 Nc6 3. Bc4 h6 4. O-O Nf6 5. d4 exd4 6. e5 Ne4 7. c3 Be7 8. cxd4
O-O 9. Nc3 Nxc3 10. bxc3 b6 11. Bb3 Na5 12. Bc2 Ba6 13. Re1 Bb7 14. Qd3 g6 15.
Bxh6 Bxf3 16. Qxf3 Re8 17. Re4 Bg5 18. Qh3 d5 19. Rg4 f6 20. exf6 Qxf6 21. Bxg5
Qe6 22. Be3 Re7 23. Rxg6+ Qxg6 24. Bxg6 Rg7 25. Qe6+ Kh8 26. Bh6 Rag8 27. Qf6
Nc6 28. Bxg7+ Rxg7 29. Qf8+ 1-0

[Event "Frankfurter Stadtmeisterschaft 2005"]
[Site "Ffm-Kalbach, LAZ"]
[Date "2005.04.25"]
[Round "1"]
[White "Krpan, Alojz"]
[Black "Magiera, Rainer"]
[Result "1/2-1/2"]
[WhiteElo "1417"]
[BlackElo "1871"]
[PlyCount "96"]
[EventDate "2005.??.??"]

1. e4 e5 2. Nf3 Nc6 3. Bc4 Bc5 4. Nc3 Nf6 5. d3 h6 6. Na4 Be7 7. Nc3 d6 8. h3
Na5 9. Nd2 a6 10. a3 Nxc4 11. Nxc4 Be6 12. Ne3 d5 13. exd5 Nxd5 14. Ncxd5 Bxd5
15. O-O Bf6 16. Qe1 Be6 17. Qb4 Rb8 18. Re1 Qd6 19. Qa4+ Qd7 20. Qb4 Qd6 21.
Qa4+ Qd7 22. Qb4 Qd6 23. Qa4+ Qd7 24. Qxd7+ Kxd7 25. Rd1 Kc6 26. Nf1 Rbd8 27.
Ng3 h5 28. Ne4 Be7 29. Ng5 Bd5 30. Be3 f6 31. Ne4 f5 32. Nc3 Bf7 33. f3 Bf6 34.
Bd2 Rhe8 35. Kh1 b6 36. Rab1 Bg6 37. g3 Kb7 38. Kg2 e4 39. Bf4 exd3 40. cxd3
Bf7 41. h4 Rd7 42. Kf2 Red8 43. Ke2 Re8+ 44. Kf2 Red8 45. Ke2 Re8+ 46. Kf2 Bb3
47. Rd2 Bd4+ 48. Kf1 Red8 1/2-1/2

[Event "Frankfurter Stadtmeisterschaft 2005"]
[Site "Ffm-Kalbach, LAZ"]
[Date "2005.04.25"]
[Round "1"]
[White "Hierling, Stefan"]
[Black "Ludwig, Helmut"]
[Result "1-0"]
[WhiteElo "1869"]
[BlackElo "1411"]
[PlyCount "75"]
[EventDate "2005.??.??"]

1. e4 e5 2. Nc3 Nf6 3. Be2 d6 4. Bf3 Be6 5. Nge2 Nc6 6. d4 exd4 7. Nxd4 Nxd4 8.
Qxd4 Be7 9. e5 dxe5 10. Qxd8+ Rxd8 11. Bxb7 Bc5 12. O-O Nd7 13. Bd5 Bxd5 14.
Nxd5 Bd6 15. Be3 Nb6 16. Bxb6 axb6 17. Rfd1 Kd7 18. Rd2 Kc6 19. Rad1 Kb7 20. c4
Ra8 21. a3 Rhf8 22. Nc3 Rfd8 23. Nb5 Kc6 24. Kf1 Be7 25. Ke2 Rxd2+ 26. Rxd2 Rd8
27. Rxd8 Bxd8 28. Kd3 f5 29. f3 h5 30. b4 g5 31. h3 Be7 32. Nc3 Kb7 33. Nd5 Bd6
34. Ne3 f4 35. Nd5 c6 36. Nc3 Kc7 37. Ke4 Bf8 38. Kf5 1-0

[Event "Frankfurter Stadtmeisterschaft 2005"]
[Site "Ffm-Kalbach, LAZ"]
[Date "2005.04.25"]
[Round "1"]
[White "Scheerer, Michael"]
[Black "Hausmann, Hans-Ulrich"]
[Result "0-1"]
[WhiteElo "1383"]
[BlackElo "1859"]
[PlyCount "38"]
[EventDate "2005.??.??"]

1. e4 d6 2. d4 Nf6 3. Nc3 g6 4. Nf3 Bg7 5. Be2 O-O 6. O-O c5 7. dxc5 dxc5 8.
Be3 Qa5 9. Bc4 Nc6 10. h3 Rd8 11. Bd2 Nd4 12. Nxd4 Rxd4 13. Qe2 Qb4 14. b3 Bd7
15. Rad1 Qb6 16. f3 Nh5 17. Be1 Nf4 18. Qf2 Bxh3 19. Rxd4 Bxd4 0-1

[Event "Frankfurter Stadtmeisterschaft 2005"]
[Site "Ffm-Kalbach, LAZ"]
[Date "2005.04.25"]
[Round "1"]
[White "Mook, Karl-Jürgen"]
[Black "Rätsch, Kurt"]
[Result "0-1"]
[WhiteElo "1302"]
[BlackElo "1852"]
[PlyCount "82"]
[EventDate "2005.??.??"]

1. Nf3 d5 2. c4 e6 3. g3 Nf6 4. Bg2 c5 5. O-O Be7 6. d3 O-O 7. b3 Nc6 8. Na3 a6
9. Bd2 b6 10. Nc2 Bb7 11. cxd5 exd5 12. Ne3 Re8 13. Re1 Bf8 14. Qc1 Rc8 15. Qb1
g6 16. Nc2 Bg7 17. Bc3 b5 18. Qd1 Qb6 19. Rb1 b4 20. Bb2 Rcd8 21. Ne3 Rd6 22.
Qc2 Nd8 23. Rbc1 Ne6 24. Be5 Rdd8 25. Ba1 Nh5 26. Bxg7 Nhxg7 27. Ng4 Nh5 28.
Qb2 d4 29. Qc2 f5 30. Nge5 Nf6 31. Nc4 Qc7 32. Qd2 Kg7 33. Ng5 Bxg2 34. Nxe6+
Rxe6 35. Kxg2 Rde8 36. Qc2 Nd5 37. Nb2 Qc6 38. Kg1 Nc3 39. Na4 Nxe2+ 40. Rxe2
Rxe2 41. Qxc5 Re1+ 0-1

[Event "Frankfurter Stadtmeisterschaft 2005"]
[Site "Ffm-Kalbach, LAZ"]
[Date "2005.04.25"]
[Round "1"]
[White "Achelrod, Alexandre"]
[Black "Schukowski, Werner"]
[Result "1-0"]
[WhiteElo "1847"]
[BlackElo "1299"]
[PlyCount "77"]
[EventDate "2005.??.??"]

1. d4 Nf6 2. c4 e6 3. Nc3 g6 4. e4 d6 5. f3 Bg7 6. Be3 O-O 7. Qd2 b6 8. O-O-O
Nbd7 9. h4 h5 10. Be2 Qe7 11. g4 c5 12. dxc5 dxc5 13. Bh6 Bb7 14. Bxg7 Kxg7 15.
Qg5 Rh8 16. e5 Ng8 17. Qxe7 Nxe7 18. Rxd7 Bxf3 19. Bxf3 Rae8 20. Nb5 Nc8 21.
gxh5 Rd8 22. Rxd8 Rxd8 23. hxg6 fxg6 24. Be4 a6 25. Nc3 Ne7 26. Nf3 Nf5 27. Ng5
Re8 28. Ne2 b5 29. cxb5 axb5 30. Nf4 Nd4 31. Bxg6 Re7 32. h5 c4 33. h6+ Kf8 34.
h7 Rxh7 35. Rxh7 b4 36. Nfxe6+ Nxe6 37. Nxe6+ Kg8 38. Rc7 b3 39. Rc8# 1-0

[Event "Frankfurter Stadtmeisterschaft 2005"]
[Site "Ffm-Kalbach, LAZ"]
[Date "2005.04.25"]
[Round "1"]
[White "Gößwein, Dorothee"]
[Black "Schirmer, Karl-Heinz"]
[Result "0-1"]
[WhiteElo "1288"]
[BlackElo "1846"]
[PlyCount "86"]
[EventDate "2005.??.??"]

1. e4 e6 2. d4 d5 3. e5 c5 4. Bb5+ Bd7 5. Bxd7+ Nxd7 6. Ne2 Qb6 7. c3 f6 8. f4
Nh6 9. Ng3 O-O-O 10. a4 a5 11. Na3 cxd4 12. cxd4 Bb4+ 13. Ke2 Kb8 14. Nb5 Rc8
15. Bd2 Be7 16. Bc3 Rhf8 17. Qd2 Qc6 18. Rhc1 Qc4+ 19. Ke1 fxe5 20. Bxa5 Qb3
21. Rxc8+ Rxc8 22. Bc3 e4 23. Qd1 Qxd1+ 24. Kxd1 Nf5 25. Nxf5 exf5 26. Rc1 Nf6
27. Ba5 Rxc1+ 28. Kxc1 Ng4 29. h3 Ne3 30. g3 Kc8 31. Bc7 Kd7 32. Be5 g6 33. Nc3
Kc6 34. Ne2 Bb4 35. Nc3 h5 36. Nd1 Nf1 37. Kc2 Nxg3 38. Kb3 Bd6 39. Ne3 Ne2 40.
Ng2 Bxe5 41. fxe5 f4 42. Kc2 f3 43. Ne3 Nxd4+ 0-1

[Event "Frankfurter Stadtmeisterschaft 2005"]
[Site "Ffm-Kalbach, LAZ"]
[Date "2005.04.25"]
[Round "1"]
[White "Richter, Edgar"]
[Black "Lemonidis, Christos"]
[Result "0-1"]
[WhiteElo "1262"]
[BlackElo "1822"]
[PlyCount "87"]
[EventDate "2005.??.??"]

1. e4 d6 2. Nf3 g6 3. Be2 Bg7 4. c3 e5 5. O-O Ne7 6. d4 Nd7 7. Be3 O-O 8. Nbd2
Qe8 9. Nc4 Nc6 10. d5 Ne7 11. Bd3 f5 12. exf5 gxf5 13. Bc2 Nf6 14. h3 Nexd5 15.
Bg5 Kh8 16. Nh4 Ne7 17. f4 e4 18. Ne3 h6 19. Bxf6 Bxf6 20. Qe1 Qh5 21. g3 Bxh4
22. gxh4 Be6 23. Kh2 Rg8 24. b3 Rg7 25. Qf2 Rag8 26. Rg1 Rxg1 27. Rxg1 Rxg1 28.
Kxg1 Ng6 29. Bd1 Qxh4 30. Qxh4 Nxh4 31. Kh2 Kg7 32. Kg3 Ng6 33. c4 Kf6 34. h4
Ne7 35. b4 b5 36. Bb3 bxc4 37. Bxc4 d5 38. Bb3 d4 39. Nc2 Bxb3 40. axb3 d3 41.
Ne3 Ke6 42. Kf2 Nd5 43. Nxd5 Kxd5 44. Ke3 0-1

[Event "Frankfurter Stadtmeisterschaft 2005"]
[Site "Ffm-Kalbach, LAZ"]
[Date "2005.04.25"]
[Round "1"]
[White "Schönmann, Bernd"]
[Black "Kind, Veronika"]
[Result "0-1"]
[WhiteElo "1230"]
[BlackElo "1803"]
[PlyCount "60"]
[EventDate "2005.??.??"]

1. b3 e5 2. Bb2 Nc6 3. e4 Nf6 4. Nc3 Bc5 5. Qe2 Nd4 6. Qd3 O-O 7. Nge2 Ng4 8.
Na4 Nxe2 9. Nxc5 Nf4 10. Qg3 d6 11. Nd3 Qf6 12. Nxf4 exf4 13. Bxf6 fxg3 14. Bh4
Nxf2 15. Rg1 gxh2 16. Bxf2 hxg1=Q 17. Bxg1 Re8 18. d3 d5 19. O-O-O Bg4 20. Re1
Re6 21. Bd4 dxe4 22. dxe4 Rd8 23. c3 b6 24. b4 Rde8 25. Bd3 Bf5 26. Re3 Bxe4
27. Bc4 Bd5 28. Rg3 Bxc4 29. Bxg7 Re1+ 30. Kb2 R8e2+ 0-1

[Event "Frankfurter Stadtmeisterschaft 2005"]
[Site "Ffm-Kalbach, LAZ"]
[Date "2005.04.25"]
[Round "1"]
[White "Lux, Andreas"]
[Black "Bonilla Guzman, Jerson A"]
[Result "1-0"]
[WhiteElo "1801"]
[BlackElo "1067"]
[PlyCount "81"]
[EventDate "2005.??.??"]

1. d4 d5 2. Nf3 Nf6 3. e3 e6 4. Bd3 c5 5. c3 Nc6 6. O-O cxd4 7. exd4 Be7 8.
Nbd2 O-O 9. Ne5 Qc7 10. f4 Bd6 11. Ndf3 Nd7 12. Ng5 g6 13. Qe1 h6 14. Nxe6 fxe6
15. Qg3 Ndxe5 16. fxe5 Rxf1+ 17. Kxf1 Qf7+ 18. Kg1 Nxe5 19. dxe5 Bc5+ 20. Be3
Bxe3+ 21. Qxe3 Kg7 22. Rf1 Qe7 23. Rf6 g5 24. h4 Bd7 25. hxg5 h5 26. Qf3 Qe8
27. Bg6 Qh8 28. Bxh5 Be8 29. Bxe8 Rxe8 30. Rf7+ Kg8 31. Rxb7 Rf8 32. Qxf8+ Kxf8
33. Rb8+ Kg7 34. Rxh8 Kxh8 35. Kf2 Kg7 36. Kf3 Kg6 37. Kf4 a5 38. b3 Kf7 39. a3
Kg6 40. b4 axb4 41. axb4 1-0